000 00570cam a22002053a 4500
001 45760
003 PGUSA
005 20140828084048.0
008 140525s2014||||xxu|||||s|||||000 | eng d
040 _aPGUSA
_beng
042 _adc
100 1 _aRice, Cale Young,
_d1872-1943
245 1 0 _aPlays and Lyrics
_h[electronic resource] /
_cCale Young Rice
260 _bProject Gutenberg,
_c2014
506 _aPublic domain in the USA.
516 _aElectronic text
830 0 _aProject Gutenberg
_v45760
856 4 0 _uhttp://www.gutenberg.org/ebooks/45760
942 _cEB
999 _c275010
_d275010